Análisis monetario y cambiario en el sistema financiero argentino (Registro nro. 4244)

Detalles MARC
000 -LEADER
fixed length control field 01162 a2200205 4500
001 - CONTROL NUMBER
control field 46778
005 - DATE AND TIME OF LATEST TRANSACTION
control field 20260407155738.0
008 - FIXED-LENGTH DATA ELEMENTS--GENERAL INFORMATION
fixed length control field 260407a1986 arg spa d
003 - CONTROL NUMBER IDENTIFIER
control field AR-UNSa-BCEJYS
040 ## - CATALOGING SOURCE
Original cataloging agency AR-UNSa-BCEJYS
Language of cataloging spa
Transcribing agency AR-UNSa-BCEJYS
080 ## - UNIVERSAL DECIMAL CLASSIFICATION NUMBER
Universal Decimal Classification number 336.74
Common auxiliary subdivision Moneda. Sistema monetario
020 ## - INTERNATIONAL STANDARD BOOK NUMBER
International Standard Book Number 950-587-026-4
100 1# - MAIN ENTRY--PERSONAL NAME
Personal name Apreda, Rodolfo
245 10 - TITLE STATEMENT
Title Análisis monetario y cambiario en el sistema financiero argentino
264 #1 - PRODUCTION, PUBLICATION, DISTRIBUTION, MANUFACTURE, AND COPYRIGHT NOTICE
Place of production, publication, distribution, manufacture Buenos Aires :
Name of producer, publisher, distributor, manufacturer Club de Estudio
Date of production, publication, distribution, manufacture, or copyright notice 1986
300 ## - PHYSICAL DESCRIPTION
Extent 345 p.
Dimensions 22 cm.
505 ## - FORMATTED CONTENTS NOTE
Formatted contents note 1. El sistema financiero – 2. Dinero, crédito y tasas de interés – 3. Agregados monetarios, bases y multiplicadores – 4. El balance del Banco Central : los factores de absorción y de expansión – 5. El sistema financiero argentino – 6. El sector externo : tipos de cambio presentes y futuros – 7. El sector externo : el mercado de cambios en la Argentina – 8. El sector público : el déficit fiscal y cuasifiscal – 9. El sector público : el endeudamiento externo – 10. El sector financiero : represiones y ortopedias – 11. El plan austral.
590 ## - LOCAL NOTE (RLIN)
Local note niveau_biblio:m niveau_hierar:0
942 ## - ADDED ENTRY ELEMENTS (KOHA)
Koha item type
Existencias
Withdrawn status Lost status Damaged status Not for loan Home library Current library Shelving location Date acquired Total checkouts Full call number Barcode Date last seen Price effective from Koha item type
        Biblioteca Prof. Eusebio Cleto del Rey Biblioteca Prof. Eusebio Cleto del Rey   07/04/2026   336.74 A654 L45506 07/04/2026 07/04/2026 Libro
        Biblioteca Prof. Eusebio Cleto del Rey Biblioteca Prof. Eusebio Cleto del Rey   07/04/2026   336.74 A654 L45508 07/04/2026 07/04/2026 Libro
        Biblioteca Prof. Eusebio Cleto del Rey Biblioteca Prof. Eusebio Cleto del Rey   07/04/2026   336.74 A654 L45504 07/04/2026 07/04/2026 Libro
        Biblioteca Prof. Eusebio Cleto del Rey Biblioteca Prof. Eusebio Cleto del Rey   07/04/2026   336.74 A654 L45507 07/04/2026 07/04/2026 Libro
        Biblioteca Prof. Eusebio Cleto del Rey Biblioteca Prof. Eusebio Cleto del Rey   07/04/2026   336.74 A654 L45505 07/04/2026 07/04/2026 Libro